Report of the expert consultation on legal issues related to cities and commercially- exploited aquatic species
Guardado en:
| Formato: | Libro |
|---|---|
| Lenguaje: | Undetermined |
| Publicado: |
Rome
FAO
2004
|
| Materias: | |
| Etiquetas: |
Agregar Etiqueta
Sin Etiquetas, Sea el primero en etiquetar este registro!
|
| Thư viện lưu trữ: | Trung tâm Học liệu Trường Đại học Cần Thơ |
|---|
| LEADER | 00483nam a2200157Ia 4500 | ||
|---|---|---|---|
| 001 | CTU_93094 | ||
| 008 | 210402s9999 xx 000 0 und d | ||
| 082 | |a 639.3 | ||
| 082 | |b F686 | ||
| 245 | 0 | |a Report of the expert consultation on legal issues related to cities and commercially- exploited aquatic species | |
| 260 | |a Rome | ||
| 260 | |b FAO | ||
| 260 | |c 2004 | ||
| 650 | |a Fishery,Fisheries | ||
| 904 | |i Mai Loan, QHieu | ||
| 980 | |a Trung tâm Học liệu Trường Đại học Cần Thơ | ||